| 000 | 00529nam a2200181Ia 4500 | ||
|---|---|---|---|
| 008 | 100917s9999 xx 000 0 und d | ||
| 082 | _b34762 | ||
| 100 | _aपंडित गौतम | ||
| 245 | _aसमुद्रपक्षी | ||
| 260 |
_bनिशान्त प्रकाशन _c1978 |
||
| 300 | _a214 | ||
| 365 | _b18 | ||
| 520 | _aकादंबरी | ||
| 630 | _aसमुद्रपक्षी | ||
| 650 | _aकादंबरी | ||
| 730 | _aसमुद्रपक्षी | ||
| 942 | _cBOOK | ||
| 999 |
_c640156 _d640153 |
||